Statistics for Music Acts by Emojis

Click here to take the quiz!

General Stats

  • This quiz has been taken 126 times
  • The average score is 6 of 10

Answer Stats

HintAnswer% Correct
🟥🌡️🌶️Red Hot Chili Peppers
91%
🟩📅Green Day
80%
❄️ ▶️Coldplay
75%
📻😐Radiohead
70%
🔨 🎃The Smashing Pumpkins
69%
🕳️Hole
62%
😡 🆚 📠Rage Against The Machine
45%
🔊🌿Soundgarden
34%
👑🩸Royal Blood
29%
🏝️Oasis
27%

Score Distribution

Percentile by Number Answered

Percent of People with Each Score

Your Score History

You have not taken this quiz